Noem de 10 langste rivieren ter wereld - Sudden Death - Statistieken

Algemene statistieken
  • Deze quiz is 97 keer genomen
  • De gemiddelde score is 4 van 10
Answers on the Grid
Answers color-coded by a green-red scale on the quiz's grid according to % correct below.
Amazone
Rijn
Ob
Bermejo
Nijl
Kongo
Yangtze
Jenisej
Donau
Mississippi
Mekong
Amoer
Gele Rivier
Wolga
 
Antwoordstatistieken
Antwoord % Correct
Nijl
92%
Amazone
90%
Mississippi
54%
Yangtze
33%
Mekong
31%
Gele Rivier
29%
Kongo
27%
Ob
12%
Amoer
10%
Jenisej
6%
Geen overeenkomende quizzen gevonden
Scoreverdeling
Procent van Mensen met Elke Score
Percentiel versus Aantal Correcte Antwoorden
Uw Scoregeschiedenis
U heeft deze quiz nog niet genomen